000 nam a22 a 4500
999 _c3152
_d3152
005 20170519154621.0
008 170519s1982 xxu||||| |||| 00| 0 eng d
020 _a0874250838
040 _aAKMAL
082 _a658.3124 SRE
090 _a658.3124
_bSRE
100 _aRothwell, William J.,
_d1951-
_96509
245 _aThe ASTD reference guide to professional human resource development roles and competencies /
_cWilliam J. Rothwell & Henry J. Sredl.
250 _a2nd ed.
260 _aAmherst, Mass. .
_bHRD Press
_cc1992.
300 _a2 v.
_bill.
_ccm
500 _aSredl's name appears first on the earlier edition.
500 _aSpine title: The ASTD reference guide.
504 _aIncludes bibliographical references and index.
599 _aDALAM PROSES
650 _aEmployees.
_xTraining of
_vHandbooks, manuals, etc.
_96510
650 _aPersonnel management
_vHandbooks, manuals, etc.
_96486
700 _aSredl, Henry J.,
_d1935-
_96511
942 _2ddc
_cBOOK